| 000 | 01391nam a2200337Ia 4500 | ||
|---|---|---|---|
| 003 | OSt | ||
| 005 | 20221007123237.0 | ||
| 006 | a|||||r|||| 00| 0 | ||
| 007 | ta | ||
| 008 | 221006b |||||||| |||| 00| 0 eng d | ||
| 020 |
_a3540601880 (Berlin:hbd) _cDM 168.00 |
||
| 024 | _a3974 | ||
| 037 |
_bNarosa, _cTextual |
||
| 040 |
_aPAPL _cPAPL _beng |
||
| 041 |
_2eng _aeng |
||
| 082 | _aB7:3551p1,N95, N5 | ||
| 100 |
_aGarbaczewski Piotr^eand other _9716947 |
||
| 111 |
_aWinter School of Theoretical physics^j31st^gKarpacz^i1995 _9716948 |
||
| 245 | 0 | _aChaos- the interplay between stochastic and deterministic behaviour: proceedings of the XXXIst Winter School of Theoretical Physics ed by Piotr Garbaczewski and others | |
| 260 |
_aBerlin _bSpringer Verlag _c1995 |
||
| 300 |
_axii,571p _ccm. |
||
| 490 | _aLecture notes in physics; 457 | ||
| 500 | _aIncludes bibliographical references; ^n23/CSL/CARPA/96-97/3981^d1996-08-13^mPurchase; ; 96-97/113^b1996-09-17^c043223^d1996-09-06^eNarosa Book Distributors Private Limited; ; 1996-09-23^bSB^c1996-10-24^r1996-11-19 | ||
| 650 | _a Chaos | ||
| 650 |
_a Dynamics _9453975 |
||
| 650 |
_a International conference _9716795 |
||
| 650 |
_a Nonlinear systems _9715548 |
||
| 650 | _aMechanics | ||
| 942 |
_hB7:3551p1,N95, N5 _cTEXL _2CC |
||
| 999 |
_c1211586 _d1211586 |
||